| 000 | 00589nam a22001697a 4500 | ||
|---|---|---|---|
| 999 |
_c15247 _d15247 |
||
| 003 | OSt | ||
| 082 | _2631.587 MOH/FI | ||
| 088 | _aT 78 | ||
| 100 |
_aMOHANAN C. K _92854 |
||
| 245 | _aField testing and evaluation of a two layer soil water balance model | ||
| 260 |
_aTavanur 1997 _bKelappaji College of Agricultural Engineering and Technology |
||
| 300 | _a65 | ||
| 500 | _aField testing and evaluation of a two layer soil water balance model | ||
| 520 | _aField testing and evaluation of a two layer soil water balance model | ||
| 700 |
_aDr. Hajilal M. S (Guide) _92556 |
||
| 942 | _cTH | ||